000 002550000a22000970004500
100 1 _aPlaceres, Tito
245 1 0 _a"No pido nada, pero veo un barco"
300 _aVol. 57, Núm 258 (2002), Página 31-35
773 0 _tLa Biblia de las Américas
942 _cANA
999 _c51703
_d51703